000 01243nab a22002897a 4500
999 _c6021
_d6021
003 OSt
005 20260116184545.0
008 190605e xxu||||| |||| 00| 0 spa d
040 _cPJ
100 _94886
_aElmelaj, María Laura
245 1 0 _aElecciones sindicales en Argentina. La oposición del empleador condicionada por el tiempo /
_cMaría Laura Elmelaj.
260 _aCiudad Autónoma de Buenos Aires :
_bThomson Reuters La Ley,
_c2025.
300 _ap. 38-40
500 _aCita Online: Cita: TR LALEY AR/DOC/1472/2025.
505 _aSumario: I. Introducción.— II. El que calla... ¿otorga?— III. Conclusiones.— IV. Bibliografía.
505 _a¿Te interesa el texto completo? Solicitalo al correo: koha@justierradelfuego.gov.ar
650 0 _91316
_aDERECHO LABORAL
650 0 _94583
_aDERECHOS SINDICALES
650 0 _aCONVENIOS COLECTIVOS DE TRABAJO
_91354
650 0 _aCONTRATO DE TRABAJO
_91323
650 0 _aLIBERTAD SINDICAL
_91461
650 0 _aTUTELA SINDICAL
_95902
650 0 _aDESPIDO
_91533
650 0 _aCADUCIDAD DE INSTANCIA
_91935
773 0 _02711
_93168
_dCiudad Autónoma de Buenos Aires : Thomson Reuters La Ley, 1999-2002.
_tRevista de derecho del trabajo. Nº 4 - Julio 2025
942 _2udc
_cANA